[Event "4NCL/Div1a/ADS vs. WGHK1"]
[Site "Sunningdale ENG"]
[Date "2009.10.25"]
[Round "2.1"]
[White "Mestel, A Jonathan"]
[Black "Pert, Nicholas"]
[Result "1/2-1/2"]
[WhiteElo "2473"]
[BlackElo "2541"]
[PlyCount "58"]
[EventDate "2009.10.25"]
[SourceDate "2009.10.24"]

1. c4 Nf6 2. Nc3 e5 3. Nf3 Nc6 4. g3 Bc5 5. Bg2 d6 6. d3 h6 7. O-O a6 8. e3 O-O
9. b3 Ba7 10. Bb2 Bd7 11. d4 exd4 12. Nxd4 Nxd4 13. exd4 Qc8 14. Re1 Rb8 15.
Rc1 Re8 16. Rxe8+ Bxe8 17. Qd3 Qg4 18. Nd5 Nxd5 19. Bxd5 Bd7 20. Re1 c6 21. Bf3
Qf5 22. Qxf5 Bxf5 23. d5 c5 24. g4 Bd7 25. Bc1 Re8 26. Rxe8+ Bxe8 27. Bf4 Bb8
28. h4 Kf8 29. a4 Ke7 1/2-1/2

[Event "4NCL/Div1a/ADS vs. WGHK1"]
[Site "Sunningdale ENG"]
[Date "2009.10.25"]
[Round "2.2"]
[White "Trent, Lawrence"]
[Black "Cernousek, Lukas"]
[Result "1/2-1/2"]
[WhiteElo "2445"]
[BlackElo "2417"]
[PlyCount "64"]
[EventDate "2009.10.25"]
[SourceDate "2009.10.24"]

1. e4 c5 2. d4 cxd4 3. c3 d5 4. exd5 Qxd5 5. cxd4 e5 6. Nf3 exd4 7. Qxd4 Qe6+
8. Be3 Nc6 9. Qa4 Bd7 10. Bc4 Bb4+ 11. Qxb4 Nxb4 12. Bxe6 Bxe6 13. Na3 Ne7 14.
O-O O-O 15. Bc5 Nbc6 16. Rfe1 Rfe8 17. Nb5 Nd5 18. Rad1 b6 19. Ba3 h6 20. h3 a6
21. Nbd4 Bd7 22. Bd6 Rac8 23. a3 f6 24. Bg3 Kf7 25. Rxe8 Kxe8 26. Nxc6 Bxc6 27.
Nd4 Bd7 28. h4 g5 29. Nf5 Bxf5 30. Rxd5 Bd7 31. Rd6 Rc1+ 32. Kh2 Rc6 1/2-1/2

[Event "4NCL/Div1a/ADS vs. WGHK1"]
[Site "Sunningdale ENG"]
[Date "2009.10.25"]
[Round "2.3"]
[White "Jirka, Jiri"]
[Black "Pert, Richard G"]
[Result "1/2-1/2"]
[WhiteElo "2404"]
[BlackElo "2457"]
[PlyCount "76"]
[EventDate "2009.10.25"]
[SourceDate "2009.10.24"]

1. d4 e6 2. c4 f5 3. g3 Nf6 4. Bg2 Be7 5. Nf3 O-O 6. O-O d6 7. Nc3 Ne4 8. Qd3
Nxc3 9. bxc3 Nc6 10. e4 e5 11. dxe5 dxe5 12. Qd5+ Kh8 13. exf5 Bxf5 14. Re1 Bf6
15. Ba3 Re8 16. Rad1 Qc8 17. Qb5 a6 18. Qb3 Rb8 19. Nd2 Bg4 20. Rb1 Qd7 21. Ne4
Be7 22. Nc5 Bxc5 23. Bxc5 h6 24. Qa4 Red8 25. Be3 Qf5 26. c5 Bf3 27. h4 Bxg2
28. Kxg2 Rd3 29. Qc4 Rf8 30. Rb2 Qf3+ 31. Kg1 e4 32. Bf4 Rxf4 33. gxf4 Qg4+ 34.
Kf1 Qh3+ 35. Kg1 Qg4+ 36. Kf1 Qh3+ 37. Kg1 Qg4+ 38. Kf1 Qh3+ 1/2-1/2

[Event "4NCL/Div1a/ADS vs. WGHK1"]
[Site "Sunningdale ENG"]
[Date "2009.10.25"]
[Round "2.4"]
[White "Hanley, Craig A"]
[Black "Richardson, John R"]
[Result "0-1"]
[WhiteElo "2429"]
[BlackElo "2298"]
[PlyCount "68"]
[EventDate "2009.10.25"]
[SourceDate "2009.10.24"]

1. e4 c6 2. d4 d5 3. Nc3 dxe4 4. Nxe4 Bf5 5. Ng3 Bg6 6. h4 h6 7. Nf3 Nd7 8. h5
Bh7 9. Bd3 Bxd3 10. Qxd3 Ngf6 11. Bd2 e6 12. O-O-O Qc7 13. Kb1 Bd6 14. Ne4 Nxe4
15. Qxe4 Nf6 16. Qe2 O-O-O 17. c4 c5 18. Bc3 cxd4 19. Nxd4 a6 20. Nb3 Qc6 21.
f3 Bc7 22. Bxf6 gxf6 23. Qe3 Kb8 24. c5 Rd5 25. Qc3 Rhd8 26. Rc1 Bf4 27. Rcf1
Qb5 28. g4 Be5 29. Qc2 a5 30. f4 Bc7 31. Rf3 a4 32. c6 axb3 33. Rxb3 Qa6 34.
cxb7 Qd6 0-1

[Event "4NCL/Div1a/ADS vs. WGHK1"]
[Site "Sunningdale ENG"]
[Date "2009.10.25"]
[Round "2.5"]
[White "Snape, Ian L"]
[Black "McDonald, Neil"]
[Result "0-1"]
[WhiteElo "2189"]
[BlackElo "2412"]
[PlyCount "72"]
[EventDate "2009.10.25"]
[SourceDate "2009.10.24"]

1. c4 e6 2. g3 d5 3. Bg2 Nf6 4. Nf3 dxc4 5. Qc2 Nbd7 6. Qxc4 c5 7. O-O a6 8.
Qc2 Be7 9. d4 O-O 10. Rd1 Nd5 11. e4 Nb4 12. Qe2 b5 13. a3 Nc6 14. dxc5 Bxc5
15. b4 Ba7 16. Bb2 Bb7 17. e5 Qe7 18. Nbd2 Bb8 19. Rac1 Ra7 20. h4 Ba8 21. Ng5
Bxe5 22. Bxe5 Ncxe5 23. Qe3 Bxg2 24. Qxa7 Bd5 25. Rc2 h6 26. Nge4 Ra8 27. Qe3
Qd8 28. Rdc1 Qb8 29. Rc3 Nb6 30. Qf4 Bb7 31. Rc5 Nd5 32. Nf6+ gxf6 33. Qxh6 Qf8
34. Qh5 Qg7 35. Kf1 Nd3 36. R1c2 N5f4 0-1

[Event "4NCL/Div1a/ADS vs. WGHK1"]
[Site "Sunningdale ENG"]
[Date "2009.10.25"]
[Round "2.6"]
[White "Broomfield, Matthew P"]
[Black "Swindells, Jonathan E"]
[Result "1-0"]
[WhiteElo "2339"]
[BlackElo "2170"]
[PlyCount "90"]
[EventDate "2009.10.25"]
[SourceDate "2009.10.24"]

1. d4 Nf6 2. c4 g6 3. Nc3 Bg7 4. e4 d6 5. Nf3 O-O 6. Be2 e5 7. Be3 Nc6 8. d5
Ne7 9. Nd2 Ne8 10. b4 f5 11. f3 f4 12. Bf2 g5 13. c5 Rf6 14. Nc4 Rg6 15. g4
fxg3 16. hxg3 g4 17. fxg4 Bh6 18. Ne3 a5 19. Nf5 Bg5 20. bxa5 Rxa5 21. Qb3 Nxf5
22. gxf5 Rh6 23. Rxh6 Bxh6 24. Rd1 Kg7 25. Qb4 Ra8 26. a4 dxc5 27. Bxc5 Qg5 28.
Bf8+ Kf7 29. Bh5+ Qxh5 30. Qe7+ Kg8 31. Bxh6 Qh1+ 32. Kf2 Qh2+ 33. Kf3 Qh5+ 34.
Kg2 Qxh6 35. Qxe8+ Qf8 36. Qxe5 Bd7 37. d6 cxd6 38. Rxd6 Bxa4 39. Nd5 Qg7 40.
f6 Qf7 41. Nb6 Qa2+ 42. Kh3 Ra5 43. Rd8+ Kf7 44. Qe7+ Kg6 45. Qg7+ Kh5 1-0

[Event "4NCL/Div1a/ADS vs. WGHK1"]
[Site "Sunningdale ENG"]
[Date "2009.10.25"]
[Round "2.7"]
[White "Bellin, Jana"]
[Black "Rechel, Bernd"]
[Result "0-1"]
[WhiteElo "2151"]
[BlackElo "2416"]
[PlyCount "112"]
[EventDate "2009.10.25"]
[SourceDate "2009.10.24"]

1. d4 Nf6 2. Nf3 g6 3. c4 Bg7 4. Nc3 O-O 5. Bg5 d6 6. e3 c6 7. Be2 Nbd7 8. O-O
h6 9. Bh4 g5 10. Bg3 Nh5 11. Qc2 Nxg3 12. hxg3 e5 13. dxe5 dxe5 14. Rab1 f5 15.
b4 a5 16. a3 axb4 17. axb4 e4 18. Nd4 Ne5 19. c5 g4 20. Na4 Qf6 21. Nb6 Rb8 22.
Rfd1 Kh8 23. Bc4 h5 24. Nxc8 Rbxc8 25. Ne6 Rfe8 26. Rd6 Nxc4 27. Qxc4 Qf7 28.
Qb3 Be5 29. Ng5 Qxb3 30. Rxb3 Bxd6 31. Nf7+ Kg7 32. Nxd6 Rcd8 33. Nxe8+ Rxe8
34. Ra3 Kf6 35. Ra7 Rb8 36. Ra2 Rd8 37. Kf1 Rd1+ 38. Ke2 Rb1 39. Kd2 Rxb4 40.
Kc3 Rb1 41. Rd2 Ke5 42. Kc4 Rc1+ 43. Kb4 Rg1 44. Kc4 Rxg2 45. Rd7 Rxf2 46. Re7+
Kf6 47. Rxb7 Rc2+ 48. Kd4 Rd2+ 49. Kc4 Rd3 50. Rc7 Rxe3 51. Rxc6+ Ke5 52. Rh6
Rxg3 53. c6 Rg1 54. Rh8 Rc1+ 55. Kb5 e3 56. Rh7 Kf4 0-1

[Event "4NCL/Div1a/ADS vs. WGHK1"]
[Site "Sunningdale ENG"]
[Date "2009.10.25"]
[Round "2.8"]
[White "Hagesaether, Ellen"]
[Black "Daley, Eugene"]
[Result "1-0"]
[WhiteElo "2269"]
[BlackElo "1736"]
[PlyCount "75"]
[EventDate "2009.10.25"]
[SourceDate "2009.10.24"]

1. Nf3 Nf6 2. d3 d6 3. g3 g6 4. Bg2 Bg7 5. e4 O-O 6. O-O e5 7. c3 Nc6 8. b4 a5
9. b5 Ne7 10. a4 h6 11. Re1 Ne8 12. d4 Be6 13. Ba3 exd4 14. Nxd4 Qd7 15. Nxe6
Qxe6 16. Qd3 Rd8 17. Nd2 c6 18. Nc4 cxb5 19. axb5 Rc8 20. Bf1 Rxc4 21. Qxc4
Qxc4 22. Bxc4 Bxc3 23. e5 Bxe1 24. Rxe1 Nf5 25. Rd1 dxe5 26. Rd7 Nf6 27. Rxb7
Rc8 28. Bxf7+ Kh8 29. Bxg6 Nd4 30. Kg2 Nd5 31. Bd6 Ne6 32. Bxe5+ Kg8 33. Bf7+
Kf8 34. Bd6+ Ne7 35. Bxe6 Re8 36. b6 a4 37. Rxe7 Rxe7 38. b7 1-0

[Event "4NCL/Div1a/GUI2 vs. PAP"]
[Site "Sunningdale ENG"]
[Date "2009.10.25"]
[Round "2.1"]
[White "Cooksey, Paul S"]
[Black "Rowson, Jonathan W"]
[Result "0-1"]
[WhiteElo "2277"]
[BlackElo "2579"]
[PlyCount "58"]
[EventDate "2009.10.25"]
[SourceDate "2009.10.24"]

1. d4 Nf6 2. Bg5 e6 3. Nd2 h6 4. Bh4 Nc6 5. c3 d6 6. e4 e5 7. Ngf3 exd4 8. Nxd4
Be7 9. Be2 Nxd4 10. Bxf6 Bxf6 11. cxd4 O-O 12. Nb3 c5 13. O-O cxd4 14. Bc4 Qb6
15. Qd3 Be6 16. Rfd1 Bxc4 17. Qxc4 Rfe8 18. Qd3 Rad8 19. f4 Qc6 20. Re1 Qa4 21.
Rad1 Qxa2 22. Nxd4 Qxb2 23. Nf5 Qc3 24. Qb1 a5 25. Qxb7 a4 26. Qb5 a3 27. Nxd6
Re6 28. Nf5 Rxd1 29. Rxd1 a2 0-1

[Event "4NCL/Div1a/GUI2 vs. PAP"]
[Site "Sunningdale ENG"]
[Date "2009.10.25"]
[Round "2.2"]
[White "Cherniaev, Alexander"]
[Black "Tymrakiewicz, Rafal"]
[Result "1-0"]
[WhiteElo "2469"]
[BlackElo "2269"]
[PlyCount "75"]
[EventDate "2009.10.25"]
[SourceDate "2009.10.24"]

1. e4 Nf6 2. e5 Nd5 3. c4 Nb6 4. c5 Nd5 5. Nc3 e6 6. d4 b6 7. Nxd5 exd5 8. cxb6
axb6 9. Ne2 d6 10. Nf4 dxe5 11. dxe5 Bb4+ 12. Bd2 Bxd2+ 13. Qxd2 c6 14. Bd3 O-O
15. O-O Ba6 16. Rfe1 Bxd3 17. Qxd3 Na6 18. Qg3 Ra7 19. Nh5 f5 20. exf6 g6 21.
Re6 Nc5 22. Rxc6 Ne4 23. Qg4 Kh8 24. Nf4 Nxf6 25. Qh4 g5 26. Qxg5 Rg7 27. Qxg7+
Kxg7 28. Ne6+ Kf7 29. Nxd8+ Rxd8 30. Rxb6 d4 31. Rd1 Rd7 32. Rb3 Ke6 33. a4 Kd5
34. a5 Ke4 35. a6 Kf5 36. Ra3 Ra7 37. Rc1 Rxa6 38. Rc5+ 1-0

[Event "4NCL/Div1a/GUI2 vs. PAP"]
[Site "Sunningdale ENG"]
[Date "2009.10.25"]
[Round "2.3"]
[White "Thompson, Ian D"]
[Black "Hebden, Mark L"]
[Result "1/2-1/2"]
[WhiteElo "2266"]
[BlackElo "2503"]
[PlyCount "126"]
[EventDate "2009.10.25"]
[SourceDate "2009.10.24"]

1. c4 g6 2. Nc3 Bg7 3. g3 Nf6 4. Bg2 O-O 5. d3 d6 6. e4 c5 7. Nge2 Nc6 8. a3
Bg4 9. f3 Bd7 10. Rb1 Ne8 11. b4 b6 12. O-O Rc8 13. Be3 Nc7 14. Qd2 Nd4 15. Bh6
e5 16. Bxg7 Kxg7 17. bxc5 Nxe2+ 18. Qxe2 dxc5 19. f4 exf4 20. gxf4 Bg4 21. Qc2
Qd4+ 22. Rf2 Rfd8 23. Bf1 f5 24. Re1 Rd7 25. Qc1 Re8 26. Re3 Kh8 27. Be2 Bxe2
28. Nxe2 Qg7 29. exf5 gxf5+ 30. Rg2 Qf6 31. Rxe8+ Nxe8 32. Qe3 Re7 33. Qf3 Qa1+
34. Kf2 Qb2 35. h3 Qd2 36. a4 Ng7 37. h4 h6 38. Qa8+ Ne8 39. Qf3 Nf6 40. Kg1
Ng4 41. Ng3 Re1+ 42. Nf1 Qe3+ 43. Qxe3 Nxe3 44. Rf2 Rd1 45. Rf3 Nxf1 46. Rxf1
Rxd3 47. a5 Rc3 48. axb6 axb6 49. Rb1 Rxc4 50. Rxb6 Kg7 51. Rc6 Rc2 52. h5 c4
53. Kf1 c3 54. Ke1 Rh2 55. Rxc3 Rxh5 56. Rc7+ Kf6 57. Rc6+ Ke7 58. Kf2 Rh4 59.
Kf3 h5 60. Ra6 Rg4 61. Ra7+ Kf6 62. Ra6+ Kg7 63. Ra5 Kg6 1/2-1/2

[Event "4NCL/Div1a/GUI2 vs. PAP"]
[Site "Sunningdale ENG"]
[Date "2009.10.25"]
[Round "2.4"]
[White "Emms, John M"]
[Black "Granat, Russell G"]
[Result "1-0"]
[WhiteElo "2484"]
[BlackElo "2250"]
[PlyCount "82"]
[EventDate "2009.10.25"]
[SourceDate "2009.10.24"]

1. e4 e5 2. Nf3 Nc6 3. Bb5 a6 4. Ba4 d6 5. O-O Bd7 6. d4 b5 7. Bb3 Nxd4 8. Nxd4
exd4 9. c3 dxc3 10. Qh5 Qf6 11. Nxc3 Ne7 12. Re1 Qg6 13. Qf3 c6 14. Bf4 Bg4 15.
Qe3 Nc8 16. e5 dxe5 17. Qxe5+ Be7 18. Qc7 O-O 19. Rxe7 Nxe7 20. Qxe7 Rfe8 21.
Qc5 a5 22. Qg5 a4 23. Qxg6 hxg6 24. Bc2 a3 25. b4 Rad8 26. Be3 Bf5 27. Bxf5
gxf5 28. g3 f6 29. h4 Kf7 30. Rc1 Re6 31. Kg2 Rd3 32. h5 Rd8 33. Ne2 Re4 34.
Rxc6 Rxb4 35. Rc7+ Kg8 36. Nf4 Re8 37. h6 gxh6 38. Nd5 Rxe3 39. Nxb4 Re4 40.
Nc2 b4 41. Kf3 h5 1-0

[Event "4NCL/Div1a/GUI2 vs. PAP"]
[Site "Sunningdale ENG"]
[Date "2009.10.25"]
[Round "2.5"]
[White "Meyer, Gordon"]
[Black "Ward, Chris G"]
[Result "0-1"]
[WhiteElo "2165"]
[BlackElo "2431"]
[PlyCount "80"]
[EventDate "2009.10.25"]
[SourceDate "2009.10.24"]

1. e4 c5 2. d4 cxd4 3. c3 Nf6 4. e5 Nd5 5. Nf3 e6 6. cxd4 d6 7. Bc4 Nb6 8. Bd3
dxe5 9. Nxe5 Nc6 10. Nxc6 bxc6 11. O-O Qxd4 12. Nc3 Be7 13. a4 Qd8 14. Qc2 Nd5
15. Nxd5 cxd5 16. Bf4 Bd7 17. Rfc1 Bb4 18. Qb3 a5 19. Rc7 O-O 20. Qc2 h6 21.
Rc1 Qf6 22. Bg3 Rfd8 23. Qe2 Rac8 24. Be5 Qg5 25. f4 Qe7 26. b3 Rxc7 27. Rxc7
Rc8 28. Rxc8+ Bxc8 29. Qc2 Qc5+ 30. Qxc5 Bxc5+ 31. Kf1 Bb4 32. Bb5 f6 33. Bd4
Kf7 34. Bc6 Ke7 35. Bb2 Ba6+ 36. Kf2 Bd3 37. Ke3 Bc2 38. Bd4 Bxb3 39. Bb5 Kd6
40. Be8 e5 0-1

[Event "4NCL/Div1a/GUI2 vs. PAP"]
[Site "Sunningdale ENG"]
[Date "2009.10.25"]
[Round "2.6"]
[White "Hunt, Harriet V"]
[Black "Punnett, Alan K"]
[Result "1-0"]
[WhiteElo "2452"]
[BlackElo "2094"]
[PlyCount "95"]
[EventDate "2009.10.25"]
[SourceDate "2009.10.24"]

1. e4 e6 2. d4 d5 3. Nd2 dxe4 4. Nxe4 Nf6 5. Nxf6+ Qxf6 6. Nf3 h6 7. Bd3 Bd6 8.
O-O O-O 9. Qe2 Nc6 10. Qe4 Qf5 11. Qh4 Be7 12. Qg3 Bd6 13. Qxd6 cxd6 14. Bxf5
exf5 15. d5 Nb4 16. c4 Nd3 17. Rd1 Nxc1 18. Raxc1 Re8 19. c5 dxc5 20. Rxc5 Re2
21. Rb5 a6 22. Rb6 Kf8 23. Nd4 Re5 24. Nb3 f4 25. f3 Bf5 26. Rxb7 Bc2 27. Rd2
Bxb3 28. Rxb3 Rd8 29. d6 g5 30. Rb6 a5 31. Kf2 Rd7 32. a3 Kg7 33. b4 axb4 34.
Rxb4 Kf6 35. Rbd4 Rc5 36. Rd5 Rc4 37. Ke2 Ke6 38. Kd1 f6 39. R2d3 h5 40. R5d4
Rxd4 41. Rxd4 Ke5 42. Rd3 f5 43. Kc2 g4 44. Kc3 h4 45. h3 Ke6 46. Kc4 Ra7 47.
d7 Rc7+ 48. Kb5 1-0

[Event "4NCL/Div1a/GUI2 vs. PAP"]
[Site "Sunningdale ENG"]
[Date "2009.10.25"]
[Round "2.7"]
[White "Allinson, Julian RJ"]
[Black "Zhou, Yang-Fan"]
[Result "0-1"]
[WhiteElo "2135"]
[BlackElo "2291"]
[PlyCount "108"]
[EventDate "2009.10.25"]
[SourceDate "2009.10.24"]

1. d4 Nf6 2. Nf3 g6 3. c4 Bg7 4. g3 O-O 5. Bg2 d6 6. O-O Nbd7 7. Nc3 e5 8. Bd2
exd4 9. Nxd4 Nb6 10. b3 c5 11. Nc2 d5 12. cxd5 Nfxd5 13. Nxd5 Nxd5 14. Rc1 Be6
15. Ne3 Rc8 16. Nxd5 Bxd5 17. Bxd5 Qxd5 18. Bc3 Rfd8 19. Qxd5 Rxd5 20. Bxg7
Kxg7 21. Rfd1 Rxd1+ 22. Rxd1 b5 23. Kf1 c4 24. bxc4 Rxc4 25. Rb1 a6 26. Rb3 Kf6
27. Ke1 Ke5 28. Kd2 h5 29. Ra3 Rc6 30. Re3+ Kd6 31. Rf3 Ke6 32. Re3+ Kd7 33.
Rf3 f6 34. e4 Re6 35. Re3 Kc6 36. f4 b4 37. Kd3 Kc5 38. Re2 Rd6+ 39. Ke3 Rd4
40. Rc2+ Rc4 41. Rd2 Rc3+ 42. Ke2 Kb5 43. Rd6 Rc2+ 44. Kd3 Rxa2 45. Rxf6 Kc5
46. Rxg6 Ra3+ 47. Kd2 a5 48. e5 a4 49. e6 Kd6 50. f5 Rf3 51. Rf6 a3 52. Rf7 a2
53. Rd7+ Kc6 54. Ra7 Ra3 0-1

[Event "4NCL/Div1a/GUI2 vs. PAP"]
[Site "Sunningdale ENG"]
[Date "2009.10.25"]
[Round "2.8"]
[White "Auckland, Elliott"]
[Black "Dines, Sheila J"]
[Result "1-0"]
[WhiteElo "2010"]
[BlackElo "1935"]
[PlyCount "81"]
[EventDate "2009.10.25"]
[SourceDate "2009.10.24"]

1. e4 e5 2. Nf3 Nc6 3. Bb5 a6 4. Ba4 Nf6 5. d3 b5 6. Bb3 Be7 7. a4 Bb7 8. Nc3
b4 9. Nd5 Nxd5 10. Bxd5 d6 11. c3 a5 12. d4 Rb8 13. Be3 O-O 14. O-O Bf6 15.
dxe5 dxe5 16. Qc2 Qc8 17. Bc5 Re8 18. Nd2 Ne7 19. Ba2 Qg4 20. f3 Qg6 21. cxb4
axb4 22. a5 Ba6 23. Bc4 Bxc4 24. Qxc4 Nc6 25. Nb3 Red8 26. Rfd1 h6 27. a6 Rxd1+
28. Rxd1 Ra8 29. Ra1 Bg5 30. Bf2 Qd6 31. a7 Rxa7 32. Bxa7 Nxa7 33. Qd5 Qb6+ 34.
Kf1 Be3 35. h3 Bg1 36. Qd2 Be3 37. Qe2 Nb5 38. Ra5 c6 39. Ra4 Nd4 40. Ra8+ Kh7
41. Qxe3 1-0

[Event "4NCL/Div1a/OXF1 vs. BAR2"]
[Site "Sunningdale ENG"]
[Date "2009.10.25"]
[Round "2.1"]
[White "Eckersley-Waites, Tom"]
[Black "Piper, Matthew S"]
[Result "0-1"]
[WhiteElo "2247"]
[BlackElo "2304"]
[PlyCount "40"]
[EventDate "2009.10.25"]
[SourceDate "2009.10.24"]

1. d4 Nf6 2. c4 e6 3. Nc3 Bb4 4. Qc2 O-O 5. e4 d6 6. e5 Nfd7 7. exd6 Bxd6 8.
Bd3 h6 9. Nf3 e5 10. Be3 Nc6 11. Be2 exd4 12. Nxd4 Nxd4 13. Bxd4 Qg5 14. Ne4
Bb4+ 15. Kf1 Qg6 16. Bd3 f5 17. a3 fxe4 18. Bxe4 Qa6 19. axb4 Qxa1+ 20. Ke2 Qa6
0-1

[Event "4NCL/Div1a/OXF1 vs. BAR2"]
[Site "Sunningdale ENG"]
[Date "2009.10.25"]
[Round "2.2"]
[White "Berry, Neil"]
[Black "White, Michael JR"]
[Result "1/2-1/2"]
[WhiteElo "2301"]
[BlackElo "2227"]
[PlyCount "54"]
[EventDate "2009.10.25"]
[SourceDate "2009.10.24"]

1. d4 Nf6 2. c4 g6 3. Nc3 Bg7 4. e4 d6 5. Nf3 O-O 6. h3 e5 7. d5 Na6 8. Bg5 h6
9. Be3 Nc5 10. Nd2 a5 11. g4 c6 12. Be2 Bd7 13. h4 a4 14. g5 hxg5 15. hxg5 Nh7
16. Rg1 Qa5 17. Qc2 cxd5 18. Nxd5 Rfe8 19. Qc3 Qd8 20. Bxc5 dxc5 21. Qg3 Nf8
22. Qh4 Ra6 23. O-O-O Ne6 24. Nf3 a3 25. b3 Nd4 26. Nxd4 cxd4 27. f3 Be6
1/2-1/2

[Event "4NCL/Div1a/OXF1 vs. BAR2"]
[Site "Sunningdale ENG"]
[Date "2009.10.25"]
[Round "2.3"]
[White "Savage, Ben DM"]
[Black "Poobalasingam, Peter S"]
[Result "1-0"]
[WhiteElo "2296"]
[BlackElo "2312"]
[PlyCount "81"]
[EventDate "2009.10.25"]
[SourceDate "2009.10.24"]

1. c4 Nf6 2. Nc3 e6 3. d4 d5 4. cxd5 exd5 5. Bg5 Be7 6. e3 c6 7. Bd3 Ne4 8.
Bxe7 Qxe7 9. Qc2 Nxc3 10. Qxc3 Qg5 11. Kf1 O-O 12. Nf3 Qh5 13. Ne5 f6 14. Be2
Qe8 15. Nd3 Nd7 16. Bf3 f5 17. h4 Nf6 18. Ne5 Ng4 19. Bxg4 fxg4 20. f4 gxf3 21.
gxf3 Qh5 22. Ke2 Bf5 23. Kd2 Be4 24. fxe4 Rf2+ 25. Kc1 Qe2 26. Kb1 b5 27. Re1
Rf1 28. Rxf1 Qxf1+ 29. Qc1 Rf8 30. Kc2 Qg2+ 31. Kb3 Qxe4 32. Qxc6 Qxe3+ 33. Qc3
Qh6 34. a3 Qxh4 35. Rf1 Rxf1 36. Qc8+ Rf8 37. Qe6+ Kh8 38. Nf7+ Kg8 39. Nh6+
Kh8 40. Qg8+ Rxg8 41. Nf7# 1-0

[Event "4NCL/Div1a/OXF1 vs. BAR2"]
[Site "Sunningdale ENG"]
[Date "2009.10.25"]
[Round "2.4"]
[White "Dorrington, Chris J"]
[Black "Rawlinson, Aidan M"]
[Result "0-1"]
[WhiteElo "2262"]
[BlackElo "2207"]
[PlyCount "96"]
[EventDate "2009.10.25"]
[SourceDate "2009.10.24"]

1. e4 c5 2. Nc3 e6 3. Nge2 Nc6 4. g3 Nf6 5. Bg2 d5 6. exd5 exd5 7. d4 cxd4 8.
Nxd4 Bg4 9. Qd3 Bc5 10. Nxc6 bxc6 11. O-O O-O 12. Na4 Bd6 13. c4 Re8 14. Be3
Qa5 15. b3 Rad8 16. Rac1 Ba3 17. Ra1 Bd6 18. c5 Bf8 19. Qd4 Bh5 20. Rac1 Nd7
21. f3 Bg6 22. Rfd1 h6 23. Kf2 Be7 24. Qc3 Qxc3 25. Rxc3 Bf6 26. Bd4 Ne5 27.
Bf1 Rd7 28. b4 Rb7 29. a3 Kf8 30. Ba6 Rbb8 31. Re3 Bc2 32. Nb6 axb6 33. Rd2
Nd3+ 34. Kf1 Bxd4 35. Rxe8+ Kxe8 36. Rxc2 bxc5 37. Bxd3 c4 38. Be2 Ke7 39. Rd2
Bc3 40. Rc2 Bf6 41. f4 Ra8 42. Ra2 Bc3 43. Bf3 Kd6 44. Bh5 g6 45. Bg4 Bxb4 46.
a4 d4 47. Rc2 Kc5 48. Be2 Bc3 0-1

[Event "4NCL/Div1a/OXF1 vs. BAR2"]
[Site "Sunningdale ENG"]
[Date "2009.10.25"]
[Round "2.5"]
[White "Coleman, James"]
[Black "Rogers, Jonathan W"]
[Result "1/2-1/2"]
[WhiteElo "2136"]
[BlackElo "2329"]
[PlyCount "53"]
[EventDate "2009.10.25"]
[SourceDate "2009.10.24"]

1. c4 e5 2. g3 Nf6 3. Bg2 c6 4. d4 Bb4+ 5. Bd2 Bxd2+ 6. Qxd2 d6 7. dxe5 dxe5 8.
Qxd8+ Kxd8 9. Nf3 Re8 10. Nc3 Bg4 11. O-O-O+ Kc7 12. h3 Bxf3 13. exf3 Nbd7 14.
Rhe1 a5 15. h4 Nc5 16. Bh3 Rad8 17. Kc2 g6 18. Rxd8 Kxd8 19. b3 Nh5 20. Ne4
Nxe4 21. Rd1+ Ke7 22. Rd7+ Kf8 23. fxe4 Re7 24. Rd8+ Re8 25. Rd7 Re7 26. Rd8+
Re8 27. Rd7 1/2-1/2

[Event "4NCL/Div1a/OXF1 vs. BAR2"]
[Site "Sunningdale ENG"]
[Date "2009.10.25"]
[Round "2.7"]
[White "Tidman, Sophie E"]
[Black "Coleman, David J"]
[Result "1/2-1/2"]
[WhiteElo "2110"]
[BlackElo "2244"]
[PlyCount "66"]
[EventDate "2009.10.25"]
[SourceDate "2009.10.24"]

1. e4 c5 2. Nf3 d6 3. d4 cxd4 4. Nxd4 Nf6 5. Nc3 a6 6. Bg5 e6 7. f4 Be7 8. Qf3
Qc7 9. O-O-O Nbd7 10. g4 b5 11. Bxf6 Nxf6 12. g5 Nd7 13. Rg1 b4 14. Nce2 Bb7
15. f5 Nc5 16. fxe6 O-O 17. Nf4 Bxe4 18. Qh3 d5 19. Nd3 Rac8 20. exf7+ Rxf7 21.
g6 hxg6 22. Ne5 Rf2 23. Nxg6 Bxg6 24. Rxg6 Bf6 25. Bg2 Ne4 26. Qe6+ Kh7 27.
Bxe4 dxe4 28. Rg2 Qxc2+ 29. Nxc2 Rcxc2+ 30. Kb1 Rxb2+ 31. Kc1 Rbc2+ 32. Kb1
Rb2+ 33. Kc1 Rbc2+ 1/2-1/2

[Event "4NCL/Div1a/OXF1 vs. BAR2"]
[Site "Sunningdale ENG"]
[Date "2009.10.25"]
[Round "2.8"]
[White "Smith, Lucy K"]
[Black "Nitz, Tomos"]
[Result "0-1"]
[WhiteElo "1722"]
[BlackElo "2090"]
[PlyCount "60"]
[EventDate "2009.10.25"]
[SourceDate "2009.10.24"]

1. d4 d5 2. c4 Nc6 3. e3 e5 4. cxd5 Qxd5 5. Nc3 Bb4 6. Bd2 Bxc3 7. bxc3 Nf6 8.
Qf3 Qd6 9. h3 O-O 10. Bb5 exd4 11. cxd4 Nb4 12. Rb1 a5 13. Bxb4 axb4 14. Bc4
Bd7 15. Qd1 Bc6 16. Nf3 Ne4 17. Rb2 Nc3 18. Qd2 Be4 19. Bd3 Bxd3 20. Qxd3 Rxa2
21. Rxa2 Nxa2 22. O-O Nc3 23. Qc4 b5 24. Qb3 c5 25. dxc5 Qxc5 26. Ra1 Qc4 27.
Qb2 Na4 28. Qc1 Qxc1+ 29. Rxc1 b3 30. Rb1 b2 0-1

[Event "4NCL/Div1a/CAMB1 vs. JUTK"]
[Site "Sunningdale ENG"]
[Date "2009.10.25"]
[Round "2.1"]
[White "Moskovic, David M"]
[Black "Harakis, Alexis M"]
[Result "1-0"]
[WhiteElo "2307"]
[BlackElo "2263"]
[PlyCount "81"]
[EventDate "2009.10.25"]
[EventCountry "ENG"]
[SourceDate "2009.10.24"]

1. e4 e5 2. Nf3 Nc6 3. d4 exd4 4. Nxd4 Bb4+ 5. Bd2 Bxd2+ 6. Qxd2 Qf6 7. c3 Qg6
8. Qe3 Nf6 9. Nd2 O-O 10. O-O-O Ng4 11. Nxc6 bxc6 12. Qg3 Qe6 13. Be2 Nf6 14.
e5 Nd5 15. Bc4 a5 16. Ne4 Qh6+ 17. Kb1 Kh8 18. Rhe1 f5 19. Nd2 Rb8 20. Bxd5 f4
21. Qh3 Qxh3 22. gxh3 cxd5 23. Nb3 Rb5 24. Rd4 c5 25. Rxd5 a4 26. Rxc5 Rb6 27.
Nd4 Ba6 28. Rd5 Rfb8 29. b4 Rh6 30. Rxd7 Rxh3 31. e6 Bd3+ 32. Ka1 Bg6 33. e7
Re8 34. Nb5 Kg8 35. Nc7 Rxc3 36. Nxe8 Bxe8 37. Rd4 g5 38. Re5 h6 39. Rf5 Kg7
40. Rf8 Rc8 41. Kb2 1-0

[Event "4NCL/Div1a/CAMB1 vs. JUTK"]
[Site "Sunningdale ENG"]
[Date "2009.10.25"]
[Round "2.2"]
[White "Mack, Andrew L"]
[Black "Pinter, Gabor"]
[Result "0-1"]
[WhiteElo "2237"]
[BlackElo "2349"]
[PlyCount "98"]
[EventDate "2009.10.25"]
[EventCountry "ENG"]
[SourceDate "2009.10.24"]

1. e4 c5 2. Nf3 e6 3. b3 d6 4. Bb5+ Nd7 5. O-O a6 6. Bxd7+ Bxd7 7. d4 cxd4 8.
Nxd4 Nf6 9. Re1 Be7 10. c4 b5 11. cxb5 axb5 12. Qe2 Qb6 13. Be3 Qb7 14. Bg5 O-O
15. Nd2 Rfc8 16. Nf1 Rc5 17. Bd2 b4 18. Ng3 g6 19. Qd1 Rac8 20. Rc1 Rxc1 21.
Bxc1 d5 22. Bg5 dxe4 23. Bxf6 Bxf6 24. Nxe4 Be7 25. h4 Qd5 26. Qd2 Rd8 27. Nf3
Qxd2 28. Nexd2 Bc6 29. Rc1 Bd5 30. Kf1 Ra8 31. Rc2 Bf6 32. Ke2 Bc3 33. Ke3 f5
34. Ne1 e5 35. f3 Kf7 36. Nd3 Kf6 37. Ke2 Ra5 38. Nb1 e4 39. Nf4 Ke5 40. Nxd5
Kxd5 41. Nxc3+ bxc3 42. Ke3 f4+ 43. Kxf4 Kd4 44. fxe4 Kd3 45. Rf2 c2 46. Rf1
Rc5 47. Rc1 Kd2 48. Rf1 c1=Q 49. Rxc1 Rxc1 0-1

[Event "4NCL/Div1a/CAMB1 vs. JUTK"]
[Site "Sunningdale ENG"]
[Date "2009.10.25"]
[Round "2.3"]
[White "Pickard, Charles"]
[Black "Naylor, John"]
[Result "0-1"]
[WhiteElo "2191"]
[BlackElo "2189"]
[PlyCount "81"]
[EventDate "2009.10.25"]
[EventCountry "ENG"]
[SourceDate "2009.10.24"]

1. c4 Nf6 2. Nf3 g6 3. g3 Bg7 4. Bg2 O-O 5. O-O d6 6. d4 c6 7. Nc3 Bf5 8. h3
Ne4 9. Nxe4 Bxe4 10. Be3 d5 11. c5 Nd7 12. Nd2 Bxg2 13. Kxg2 e5 14. Nb3 Qe7 15.
Re1 Rfe8 16. Rc1 f5 17. dxe5 Bxe5 18. Nd4 Nf6 19. Bg5 Qg7 20. Qd3 Nh5 21. Rcd1
f4 22. g4 Nf6 23. Bxf6 Qxf6 24. e4 fxe3 25. Rxe3 Bf4 26. Re2 Rxe2 27. Nxe2 Re8
28. Nxf4 Qxf4 29. b3 Re4 30. Rd2 Kg7 31. Re2 Kf6 32. Rxe4 Qxe4+ 33. Qxe4 dxe4
34. f4 exf3+ 35. Kxf3 Ke5 36. Ke3 g5 37. b4 Kd5 38. Kd3 a5 39. bxa5 Kxc5 40. a6
bxa6 41. Kc3 0-1